50 Provincias, 50 Ciudades - Estadísticas

Estadísticas generales
  • Esta prueba ha sido intentada 1.841 veces
  • La puntuación promedio es 29 de 50
Estadísticas de respuestas
Ciudad Provincia % Correcto
M Alcalá de Henares Madrid
95%
B Badalona Barcelona
93%
A Benidorm Alicante
92%
CA Jerez de la Frontera Cádiz
91%
MA Marbella Málaga
91%
MU Cartagena Murcia
91%
O Gijón Asturias
90%
S Santander Cantabria
90%
BA Mérida Badajoz
89%
GI Lloret de Mar Gerona
89%
C Ferrol La Coruña
85%
BI Bilbao Vizcaya
81%
VI Vitoria Álava
79%
TO Talavera de la Reina Toledo
77%
J Linares Jaén
68%
BU Aranda de Duero Burgos
67%
LE Astorga León
63%
AL El Ejido Almería
62%
GR Almuñécar Granada
61%
V Sagunto Valencia
59%
PM Mahón Islas Baleares
56%
LU Foz Lugo
55%
TF Adeje Santa Cruz de Tenerife
55%
SA Ciudad Rodrigo Salamanca
52%
H Almonte Huelva
49%
HU Barbastro Huesca
49%
VA Medina del Campo Valladolid
49%
ZA Toro Zamora
49%
CO Lucena Córdoba
48%
AB Almansa Albacete
47%
LO Calahorra La Rioja
46%
GC Telde Las Palmas
46%
CR Valdepeñas Ciudad Real
44%
L Mollerusa Lérida
44%
T Tortosa Tarragona
43%
TE Alcañiz Teruel
43%
AV Arévalo Ávila
41%
CU Tarancón Cuenca
41%
SS Mondragón Guipúzcoa
39%
SE La Rinconada Sevilla
39%
CC Coria Cáceres
37%
PO Redondela Pontevedra
37%
Z Utebo Zaragoza
37%
SG Cuéllar Segovia
36%
SO Almazán Soria
35%
NA Valle de Egüés Navarra
32%
GU El Casar Guadalajara
31%
OR Barbadanes Orense
31%
CS Almazora Castellón
28%
P Villamuriel de Cerrato Palencia
27%
No se encontraron pruebas coincidentes
Distribución de puntuación
Porcentaje de gente con cada puntuación
Porcentaje por número respondido
Historial de tus puntuaciones
No has intentado esta prueba.